|
|
|
|
| LEADER |
02258cas a2200277 a 4500 |
| 001 |
AALejournalIMF021580 |
| 008 |
230101c9999 xx r poo 0 0eng d |
| 020 |
|
|
|c 5.00 USD
|
| 020 |
|
|
|z 9781513572727
|
| 022 |
|
|
|a 1018-5941
|
| 040 |
|
|
|a BD-DhAAL
|c BD-DhAAL
|
| 245 |
1 |
0 |
|a Quantum Computing and the Financial System :
|b Spooky Action at a Distance?.
|
| 264 |
|
1 |
|a Washington, D.C. :
|b International Monetary Fund,
|c 2021.
|
| 300 |
|
|
|a 1 online resource (33 pages)
|
| 490 |
1 |
|
|a IMF Working Papers
|
| 500 |
|
|
|a <strong>Off-Campus Access:</strong> No User ID or Password Required
|
| 500 |
|
|
|a <strong>On-Campus Access:</strong> No User ID or Password Required
|
| 506 |
|
|
|a Electronic access restricted to authorized BRAC University faculty, staff and students
|
| 520 |
3 |
|
|a The era of quantum computing is about to begin, with profound implications for the global economy and the financial system. Rapid development of quantum computing brings both benefits and risks. Quantum computers can revolutionize industries and fields that require significant computing power, including modeling financial markets, designing new effective medicines and vaccines, and empowering artificial intelligence, as well as creating a new and secure way of communication (quantum Internet). But they would also crack many of the current encryption algorithms and threaten financial stability by compromising the security of mobile banking, e-commerce, fintech, digital currencies, and Internet information exchange. While the work on quantum-safe encryption is still in progress, financial institutions should take steps now to prepare for the cryptographic transition, by assessing future and retroactive risks from quantum computers, taking an inventory of their cryptographic algorithms (especially public keys), and building cryptographic agility to improve the overall cybersecurity resilience.
|
| 538 |
|
|
|a Mode of access: Internet
|
| 650 |
|
7 |
|a Cybersecurity
|2 imf
|
| 650 |
|
7 |
|a Fintech
|2 imf
|
| 650 |
|
7 |
|a Quantum Computing
|2 imf
|
| 650 |
|
7 |
|a Quantum-Safe Encryption
|2 imf
|
| 830 |
|
0 |
|a IMF Working Papers; Working Paper ;
|v No. 2021/071
|
| 856 |
4 |
0 |
|z Full text available on IMF
|u http://elibrary.imf.org/view/journals/001/2021/071/001.2021.issue-071-en.xml
|z IMF e-Library
|